• 首页
  • 本馆介绍
  • 公告通知
  • 最新文献
  • 馆藏检索
  • 电子资源
  • 读者导购
  • 参考咨询
  • 我的图书馆
  • 登录
  • 详细信息显示
  • 放入我的书架
  • 预约/预借图书
  • 作者相关作品
  • 分类相关作品
  • 丛书相关作品
  • 出版社相关作品

书目信息

  • 表格格式
  • 工作单格式
  • 卡片格式
题名:
化工原理
    
 
作者: 陈敏恒 , 丛德滋 , 方图南 编
分册:  
出版信息: 北京   化学工业出版社  2019重印
页数: 298页
开本: 26cm
丛书名:
单 册:
中图分类: TQ02 , TQ02-43
科图分类:
主题词: 化工原理--hua gong yuan li--高等学校--教材
电子资源:
ISBN: 978-7-122-23194-9
000 01324nam0 2200313 45
001 012001000917
005 20191108095819.50
010    @a978-7-122-23194-9@b上册@dCNY39.00
099    @aCAL 012015093101
100    @a20150805d2015 em y0chiy50 ea
101 0  @achi
102    @aCN@b110000
105    @aak z 000yy
106    @ar
200 1  @a化工原理@Ahua gong yuan li@f陈敏恒 ... [等] 编
205    @a第4版
210    @a北京@c化学工业出版社@d2019重印
215    @a298页@c图@d26cm
300    @a“十二五”普通高等教育本科国家级规划教材 普通高等教育“十五”国家级规划教材 普通高等教育“九五”国家级重点教材
304    @a题名页题: 陈敏恒, 丛德滋, 方图南, 齐鸣斋, 潘鹤林编
330    @a本书以过程工程原理的共性和处理工程问题的方法论作为贯穿化工单元操作的两条主线, 注意从典型实例的剖析中提炼若干重要的工程观点, 以期提高读者处理实际工程问题的能力。 全书分上、下两册。上册包括: 绪论、流体流动、流体输送机械、液体的搅拌、流体通过颗粒层的流动、颗粒的沉降和流态化、传热、蒸发共七章。每章均附有例题、习题、思考题。
606 0  @a化工原理@Ahua gong yuan li@x高等学校@j教材
690    @aTQ02@v5
690    @aTQ02-43@v5
701  0 @a陈敏恒@Achen min heng@4编
701  0 @a丛德滋@Acong de zi@4编
701  0 @a方图南@Afang tu nan@4编
801  0 @aCN@b北京卓展文化@c20191020
905    @b1201150-3@dTQ02@e516=4@f4
    
    化工原理/陈敏恒 ... [等] 编.-第4版.-北京:化学工业出版社,2019重印
    298页:图;26cm
    “十二五”普通高等教育本科国家级规划教材 普通高等教育“十五”国家级规划教材 普通高等教育“九五”国家级重点教材
    
    ISBN 978-7-122-23194-9(上册):CNY39.00
    本书以过程工程原理的共性和处理工程问题的方法论作为贯穿化工单元操作的两条主线, 注意从典型实例的剖析中提炼若干重要的工程观点, 以期提高读者处理实际工程问题的能力。 全书分上、下两册。上册包括: 绪论、流体流动、流体输送机械、液体的搅拌、流体通过颗粒层的流动、颗粒的沉降和流态化、传热、蒸发共七章。每章均附有例题、习题、思考题。
●
相关链接 在E读中查询图书 在五车中查询图书 在当当中查询图书 在豆瓣中查询图书


正题名:化工原理     索取号:TQ02/516=4         预约/预借

序号 登录号 条形码 馆藏地/架位号 状态 备注
1 1201150   212011507   第二样本阅览室/ [索取号:TQ02/516=4] 在馆    
2 1201151   212011516   第三借阅区/ [索取号:TQ02/516=4] 在馆    
3 1201152   212011525   第三借阅区/ [索取号:TQ02/516=4] 在馆    
4 1201153   212011534   第三借阅区/ [索取号:TQ02/516=4] 在馆    
唐山师范学院图书馆 欢迎您!
大连网信软件有限公司© 版权所有